[Event "CZE-chT2D 1617"]
[Site "Czech Republic"]
[Date "2016.11.13"]
[Round "3.5"]
[White "Vavra, Radim"]
[Black "Mares, Jan"]
[Result "1/2-1/2"]
[WhiteElo "2090"]
[BlackElo "1978"]
[PlyCount "44"]
[EventDate "2016.10.09"]
[EventType "team-tourn"]
[EventRounds "11"]
[EventCountry "CZE"]
[SourceTitle "EXT 2022"]
[Source "ChessBase"]
[SourceDate "2021.10.06"]
[SourceVersion "1"]
[SourceVersionDate "2021.10.06"]
[SourceQuality "1"]
[WhiteTeam "Pardubice Rapid II"]
[BlackTeam "Usti nad Orlici"]
[WhiteTeamCountry "CZE"]
[BlackTeamCountry "CZE"]

1. e4 e5 2. Nf3 Nc6 3. Bc4 Bc5 4. c3 Nf6 5. d3 d6 6. Bb3 h6 7. 0-0 Qe7 8. Re1 a6 9. Nbd2 Bg4 10. h3 Bxf3 11. Nxf3 g6 12. a4 Kf8 13. Bd5 Nd8 14. Bc4 c6 15. Qb3 Kg7 16. d4 Ba7 17. dxe5 dxe5 18. Be3 Bxe3 19. Rxe3 Re8 20. a5 Qc7 21. Nd2 Ne6 22. Bxe6 Rxe6 1/2-1/2

[Event "Brno Duras op"]
[Site "Brno"]
[Date "2016.06.29"]
[Round "5"]
[White "Khachatouri, Saro"]
[Black "Mares, Jan"]
[Result "0-1"]
[WhiteElo "1847"]
[BlackElo "1995"]
[PlyCount "66"]
[EventDate "2016.06.25"]
[EventType "swiss"]
[EventRounds "9"]
[EventCountry "CZE"]
[SourceTitle "CBM 173 Extra"]
[Source "ChessBase"]
[SourceDate "2016.08.29"]
[SourceVersion "1"]
[SourceVersionDate "2016.08.29"]
[SourceQuality "1"]

1. e4 e5 2. Nf3 Nc6 3. Bb5 Bc5 4. Nxe5 Qh4 5. 0-0 Nxe5 6. d4 c6 7. Be2 Bd6 8. dxe5 Bxe5 9. f4 Bc7 10. Be3 d6 11. Nc3 Nf6 12. g3 Qh3 13. f5 h5 14. Rf2 Ng4 15. Bxg4 hxg4 16. Ne2 d5 17. exd5 Bxf5 18. Nf4 Bxf4 19. Bxf4 0-0-0 20. c4 f6 21. Qa4 g5 22. Be3 Be4 23. Qxa7 Qxg3+ 24. Kf1 Qb8 25. Qd4 f5 26. Qf6 Qd6 27. Qxg5 Rxh2 28. Rxf5 Bxf5 29. Qxf5+ Qd7 30. Qf4 Rh1+ 31. Bg1 g3 32. Qxg3 Rf8+ 33. Kg2 Rhh8 0-1

[Event "CZE-chT2D 1516"]
[Site "Czech Republic"]
[Date "2016.02.21"]
[Round "8.5"]
[White "Mares, Jan"]
[Black "Mojzis, Jaroslav"]
[Result "0-1"]
[WhiteElo "1990"]
[BlackElo "2144"]
[PlyCount "74"]
[EventDate "2015.10.18"]
[EventType "team-tourn"]
[EventRounds "11"]
[EventCountry "CZE"]
[SourceTitle "EXT 2022"]
[Source "ChessBase"]
[SourceDate "2021.10.06"]
[SourceVersion "1"]
[SourceVersionDate "2021.10.06"]
[SourceQuality "1"]
[WhiteTeam "Usti nad Orlici"]
[BlackTeam "Polabiny II"]
[WhiteTeamCountry "CZE"]
[BlackTeamCountry "CZE"]

1. Nf3 Nf6 2. g3 b5 3. Bg2 Bb7 4. d4 e6 5. 0-0 c5 6. c3 Qc7 7. Bg5 Be7 8. Nbd2 d6 9. Re1 h6 10. Bxf6 Bxf6 11. e4 Nd7 12. Qc2 a6 13. e5 Be7 14. exd6 Bxd6 15. Ne4 Be7 16. Rad1 0-0 17. dxc5 Nxc5 18. Nxc5 Bxc5 19. Ne5 Rad8 20. Bxb7 Qxb7 21. Rxd8 Rxd8 22. Rd1 Rxd1+ 23. Qxd1 Qc7 24. Nd3 Be7 25. Qf3 Qd6 26. Qe4 g6 27. f4 g5 28. f5 exf5 29. Qxf5 Qb6+ 30. Kg2 Qe3 31. Ne5 Qd2+ 32. Kf3 Qd5+ 33. Kf2 Kg7 34. g4 Bd6 35. Nd7 Qxf5+ 36. gxf5 Bxh2 37. Kf3 h5 0-1

[Event "CZE-chT2D 1516"]
[Site "Czech Republic"]
[Date "2015.11.08"]
[Round "2.7"]
[White "Navratil, Jiri2222"]
[Black "Mares, Jan"]
[Result "0-1"]
[WhiteElo "2067"]
[BlackElo "1990"]
[PlyCount "54"]
[EventDate "2015.10.18"]
[EventType "team-tourn"]
[EventRounds "11"]
[EventCountry "CZE"]
[SourceTitle "EXT 2022"]
[Source "ChessBase"]
[SourceDate "2021.10.06"]
[SourceVersion "1"]
[SourceVersionDate "2021.10.06"]
[SourceQuality "1"]
[WhiteTeam "Zabreh"]
[BlackTeam "Usti nad Orlici"]
[WhiteTeamCountry "CZE"]
[BlackTeamCountry "CZE"]

1. e4 e5 2. Nf3 Nc6 3. Nc3 Nf6 4. d4 exd4 5. Nxd4 Bb4 6. Nxc6 Bxc3+ 7. bxc3 bxc6 8. Bd3 d6 9. Bg5 h6 10. Bh4 g5 11. Bg3 Bg4 12. f3 Bh5 13. 0-0 Bg6 14. e5 Bxd3 15. cxd3 Nh5 16. Bf2 0-0 17. Re1 Re8 18. exd6 cxd6 19. Qa4 Rxe1+ 20. Rxe1 Qd7 21. g3 Ng7 22. Kg2 Rb8 23. Re2 Rb7 24. h4 c5 25. Qe4 Rb8 26. Qd5 Ne6 27. Qf5 Nf4+ 0-1

[Event "CZE-chT2D 1314"]
[Site "Czech Republic"]
[Date "2014.02.16"]
[Round "8.6"]
[White "Mares, Jan"]
[Black "Mareckova, Martina"]
[Result "1/2-1/2"]
[WhiteElo "2008"]
[BlackElo "2113"]
[PlyCount "59"]
[EventDate "2013.11.03"]
[EventType "team-tourn"]
[EventRounds "11"]
[EventCountry "CZE"]
[SourceTitle "EXT 2016"]
[Source "ChessBase"]
[SourceDate "2015.10.08"]
[SourceVersion "1"]
[SourceVersionDate "2015.10.08"]
[SourceQuality "1"]
[WhiteTeam "Usti nad Orlici"]
[BlackTeam "Rychnov nad Kneznou"]
[WhiteTeamCountry "CZE"]
[BlackTeamCountry "CZE"]

1. e4 e5 2. Nc3 Nc6 3. Bc4 Bc5 4. Qg4 g6 5. Qf3 Nf6 6. Nge2 d6 7. d3 h6 8. 0-0 Qe7 9. Be3 Bb6 10. Bxb6 axb6 11. Qg3 Nh5 12. Qe3 Be6 13. Nd5 Bxd5 14. Bxd5 Qg5 15. f4 exf4 16. Nxf4 Nxf4 17. Qxf4 Qxf4 18. Rxf4 Nd8 19. Raf1 Rh7 20. Rf6 Ke7 21. c3 c6 22. Bc4 Rg7 23. h4 Ne6 24. d4 Ra5 25. Bxe6 fxe6 26. a3 e5 27. Rf8 exd4 28. Rb8 Ke6 29. cxd4 Ra4 30. Rd1 1/2-1/2

[Event "Brno Trade op-A 37th"]
[Site "Brno"]
[Date "2012.09.02"]
[Round "9"]
[White "Mares, Jan"]
[Black "Hosek, Martin"]
[Result "1/2-1/2"]
[WhiteElo "1920"]
[BlackElo "1998"]
[PlyCount "57"]
[EventDate "2012.08.26"]
[EventType "swiss"]
[EventRounds "9"]
[EventCountry "CZE"]
[SourceTitle "CBM 150 Extra"]
[Source "ChessBase"]
[SourceDate "2012.10.19"]
[SourceVersion "1"]
[SourceVersionDate "2012.10.19"]
[SourceQuality "1"]

1. e4 c5 2. Nf3 d6 3. Bb5+ Bd7 4. Bxd7+ Qxd7 5. 0-0 Nf6 6. Re1 e6 7. b3 Be7 8. Bb2 0-0 9. d4 cxd4 10. Nxd4 Nc6 11. c4 a6 12. Nd2 Rfd8 13. N2f3 Qc7 14. Qe2 Nd7 15. Rad1 Rab8 16. Rd2 Qa5 17. Red1 Bf8 18. Ba1 Be7 19. Nxc6 bxc6 20. Nd4 Qc7 21. Rd3 a5 22. Rg3 Bf8 23. Nxc6 Qxc6 24. Bxg7 Bxg7 25. Qg4 Kf8 26. Qxg7+ Ke8 27. Qg8+ Ke7 28. Qg5+ Ke8 29. Qg8+ 1/2-1/2